[Event "Berlin Kreuzberg op"]
[Site "Berlin"]
[Date "2000.01.18"]
[Round "8"]
[White "Mattick, Lutz"]
[Black "Mahn, Franko"]
[Result "1-0"]
[WhiteElo "2280"]
[BlackElo "2198"]
[PlyCount "61"]
[EventDate "2000.01.11"]
[EventType "swiss"]
[EventRounds "9"]
[EventCountry "GER"]
[SourceTitle "EXT 2001"]
[Source "ChessBase"]
[SourceDate "2000.11.22"]
[SourceVersion "1"]
[SourceVersionDate "2000.11.22"]
[SourceQuality "1"]

1. d4 d6 2. c4 e5 3. e3 g6 4. Nc3 Bg7 5. g3 Ne7 6. Bg2 0-0 7. Nge2 c6 8. b3 Bg4 9. h3 exd4 10. exd4 Be6 11. 0-0 d5 12. Nf4 dxc4 13. Nxe6 fxe6 14. Qe2 Qd7 15. Qxc4 Bxd4 16. Be3 Bg7 17. Rad1 Nd5 18. Bd4 Na6 19. Bxg7 Qxg7 20. Ne4 Rfe8 21. Rfe1 h6 22. Nd6 Re7 23. Nxb7 Nac7 24. Qxc6 Qb2 25. Bxd5 Nxd5 26. Rxe6 Rf7 27. Rxg6+ Kf8 28. Rf1 Ne7 29. Qd6 Rc8 30. Rxh6 Rc1 31. Qd8+ 1-0

[Event "Bad Woerishofen op 15th"]
[Site "Bad Woerishofen"]
[Date "1999.??.??"]
[Round "2"]
[White "Mahn, Franko"]
[Black "Dgebuadze, Alexandre"]
[Result "0-1"]
[WhiteElo "2191"]
[BlackElo "2541"]
[PlyCount "74"]
[EventDate "1999.03.05"]
[EventType "swiss"]
[EventRounds "9"]
[EventCountry "GER"]
[SourceTitle "EXT 2000"]
[Source "ChessBase"]
[SourceDate "1999.11.16"]
[SourceVersion "1"]
[SourceVersionDate "1999.11.16"]
[SourceQuality "1"]

1. d4 e6 2. c4 Nf6 3. Nf3 b6 4. g3 Ba6 5. Qa4 Bb7 6. Bg2 c5 7. 0-0 cxd4 8. Nxd4 Bxg2 9. Kxg2 Qc8 10. Nc3 Bc5 11. Rd1 0-0 12. e4 a6 13. f3 Bxd4 14. Rxd4 Nc6 15. Rd1 Ne5 16. b3 d5 17. exd5 exd5 18. Nxd5 Re8 19. Qb4 Nxd5 20. cxd5 a5 21. Qd4 Qf5 22. Bf4 Rac8 23. Rd2 Nd7 24. Rad1 h6 25. g4 Qg6 26. Bg3 Nc5 27. Qf4 f6 28. Qf5 Qf7 29. d6 Nd7 30. Qd5 Qxd5 31. Rxd5 Re2+ 32. Kf1 Rxa2 33. R5d3 b5 34. Re3 b4 35. Re7 Rd8 36. Rc1 a4 37. bxa4 b3 0-1

[Event "Arco op 20th"]
[Site "Arco"]
[Date "1998.??.??"]
[Round "5"]
[White "Crea, Vincenzo"]
[Black "Mahn, Franko"]
[Result "0-1"]
[WhiteElo "2115"]
[BlackElo "2190"]
[PlyCount "90"]
[EventDate "1998.10.??"]
[EventType "swiss"]
[EventRounds "9"]
[EventCountry "ITA"]
[SourceTitle "EXT 2000"]
[Source "ChessBase"]
[SourceDate "1999.11.16"]
[SourceVersion "1"]
[SourceVersionDate "1999.11.16"]
[SourceQuality "1"]

1. d4 Nf6 2. Nf3 c5 3. c3 e6 4. Bf4 b6 5. e3 Bb7 6. Bd3 Be7 7. Nbd2 d5 8. Ne5 0-0 9. Qf3 Nbd7 10. Qh3 g6 11. Rd1 Ne4 12. Nxe4 dxe4 13. Bb5 Nxe5 14. dxe5 Qb8 15. Rd7 Re8 16. Rxe7 Rxe7 17. Qh4 Rc7 18. 0-0 Qd8 19. Bg5 f6 20. Bxf6 Qd5 21. Qg5 c4 22. Ba4 b5 23. Bc2 Rd7 24. h4 Rf8 25. Rd1 Qc6 26. Rxd7 Qxd7 27. h5 Kf7 28. hxg6+ hxg6 29. Qh4 Ke8 30. Qh6 Rg8 31. g3 Bd5 32. Qh4 Qb7 33. a4 a6 34. axb5 axb5 35. Qg4 Kf8 36. Qd1 Qb6 37. Qa1 Kf7 38. Qa3 Re8 39. Qb4 Kg8 40. Ba4 Rb8 41. Bd1 Rb7 42. Bg4 Rh7 43. Qa3 Qa7 44. Qxa7 Rxa7 45. f3 Kf7 0-1

[Event "Oberliga Nord O 9798"]
[Site "Germany"]
[Date "1998.??.??"]
[Round "?"]
[White "Dimitrijeski, Boris"]
[Black "Mahn, Franko"]
[Result "0-1"]
[WhiteElo "2205"]
[BlackElo "2200"]
[PlyCount "90"]
[EventDate "1997.10.??"]
[EventType "team"]
[EventRounds "9"]
[EventCountry "GER"]
[SourceTitle "EXT 1999"]
[Source "ChessBase"]
[SourceDate "1998.11.16"]
[SourceVersion "1"]
[SourceVersionDate "1998.11.16"]
[SourceQuality "1"]

1. d4 Nf6 2. c4 c5 3. d5 b5 4. cxb5 a6 5. b6 g6 6. Nc3 d6 7. e4 Nbd7 8. a4 Qxb6 9. a5 Qb4 10. Ra4 Qb8 11. Nf3 Bg7 12. Ra3 0-0 13. Bg5 Ra7 14. Nd2 Rb7 15. Nc4 h6 16. Bh4 Re8 17. Be2 Rb4 18. f4 Ng4 19. h3 Rxc4 20. Bxc4 Qxb2 21. Qb3 Bxc3+ 22. Qxc3 Qb1+ 23. Ke2 Qxh1 24. Kf3 Nde5+ 25. fxe5 Nxe5+ 26. Kf2 Qb1 27. Bd3 Nxd3+ 28. Qxd3 Qxd3 29. Rxd3 Bd7 30. Rb3 Bb5 31. Bg3 f6 32. Rb2 Rc8 33. Ke3 Kf7 34. Rd2 c4 35. Kd4 c3 36. Rc2 Rc4+ 37. Ke3 Ba4 38. Rc1 c2 39. Kd3 Bb3 40. Bf4 h5 41. Be3 f5 42. exf5 gxf5 43. Rf1 Kf6 44. g3 Rc8 45. g4 Bc4+ 0-1

[Event "Oberliga Nord O 9798"]
[Site "Germany"]
[Date "1998.??.??"]
[Round "?"]
[White "Jaehnisch, Frank"]
[Black "Mahn, Franko"]
[Result "1/2-1/2"]
[WhiteElo "2225"]
[BlackElo "2200"]
[PlyCount "31"]
[EventDate "1997.10.??"]
[EventType "team"]
[EventRounds "9"]
[EventCountry "GER"]
[SourceTitle "EXT 1999"]
[Source "ChessBase"]
[SourceDate "1998.11.16"]
[SourceVersion "1"]
[SourceVersionDate "1998.11.16"]
[SourceQuality "1"]

1. Nf3 Nf6 2. c4 e6 3. g3 b6 4. Bg2 Bb7 5. 0-0 c5 6. b3 Be7 7. Bb2 0-0 8. d3 d5 9. e3 Nc6 10. Qe2 Qc7 11. Nc3 Rad8 12. Rfd1 Qb8 13. cxd5 Nxd5 14. Nxd5 Rxd5 15. d4 Rdd8 16. dxc5 1/2-1/2